000 00395nam a2200181Ia 4500
008 221030s9999 xx 000 0 und d
020 _a8120307650
041 _aEnglish
082 _a105.23
100 _aR. T. Morrison
245 0 _aOrganic Chemistry
250 _a6th
260 _bPHI
_aNew Delhi
_c2007
300 _a1278
650 _aChemistry
700 _aR. N. Boyd
942 _cBK
999 _c5755
_d5755